|
|
|
|
| LEADER |
00649nam a2200181 i 4500 |
| 001 |
misc75838 |
| 005 |
20250115120837.0 |
| 008 |
250115s1935 hu o 000 hun d |
| 040 |
|
|
|a SZTE Miscellanea Repozitórium
|b hun
|
| 041 |
|
|
|a hun
|
| 100 |
1 |
|
|a Vinkler Elemér
|
| 245 |
1 |
0 |
|a Tanulmányok egy új isochinolin-bázis-synthesishez
|h [elektronikus dokumentum] /
|c Vinkler Elemér
|
| 260 |
|
|
|a Szegedi Új Nemzedék Lapvállalat Rt. nyomdája
|b Szeged
|c 1935
|
| 300 |
|
|
|a 20
|c 23 cm
|
| 650 |
|
4 |
|a Természettudományok
|
| 650 |
|
4 |
|a Kémiai tudományok
|
| 695 |
|
|
|a Szerves kémia
|
| 856 |
4 |
0 |
|u http://misc.bibl.u-szeged.hu/75838/1/XB_197057.pdf
|z Dokumentum-elérés
|